| Tag |
First Indicator |
Second Indicator |
Subfields |
| LEADER |
00000cam a2200000 4500 |
| 001 |
in00000097290 |
| 005 |
20150925114653.0 |
| 008 |
750624s1951 eng u |
| 010 |
|
|
|a 51002333
|
| 035 |
|
|
|a (OCoLC)01409353
|
| 035 |
|
|
|9 AAL2746AM
|
| 040 |
|
|
|c DZM
|d TXA
|d UtOrBLW
|
| 049 |
|
|
|a TXAM
|c [457869]
|
| 050 |
0 |
0 |
|a TN15
|b .S84
|
| 082 |
0 |
|
|a 669
|
| 100 |
1 |
|
|a Sullivan, John W. W.
|q (John Wadsworth William),
|d 1901-
|
| 245 |
1 |
4 |
|a The story of metals.
|
| 264 |
|
1 |
|a Cleveland :
|b American Society for Metals;
|a Ames :
|b Iowa State College Press,
|c [1951]
|
| 300 |
|
|
|a x, 290 pages :
|b illustrations,portraits ;
|c 20 cm.
|
| 336 |
|
|
|a text
|b txt
|2 rdacontent
|
| 337 |
|
|
|a unmediated
|b n
|2 rdamedia
|
| 338 |
|
|
|a volume
|b nc
|2 rdacarrier
|
| 490 |
1 |
|
|a Series for self-education
|
| 650 |
|
0 |
|a Mineral industries
|x History.
|
| 830 |
|
0 |
|a Series for self-education.
|
| 999 |
|
|
|a MARS
|
| 999 |
f |
f |
|s 03e18efb-e703-369c-96c2-4cb10e69106f
|i 64565dcf-db34-3d4e-8edc-fbbffe926fb2
|t 0
|
| 952 |
f |
f |
|p ric
|a Texas A&M University
|b Rellis Campus
|c Joint Library Facility
|d Remote Storage
|t 0
|e TN15 .S84
|h Library of Congress classification
|i unmediated -- volume
|m A14805560468
|
| 998 |
f |
f |
|a TN15 .S84
|t 0
|l Remote Storage
|